| 000 | 00596nam a22002057a 4500 | ||
|---|---|---|---|
| 003 | 0 | ||
| 005 | 20251108103858.0 | ||
| 008 | 251108b xxu||||| |||| 00| 0 eng d | ||
| 020 | _a978-0-312-93775-1 | ||
| 050 |
_aPS 3566.A467 _b.P35 2008 |
||
| 100 |
_aPalmer, Michael, _eauthor. |
||
| 245 |
_aThe First patient : _ba novel / _cMichael Palmer. |
||
| 260 |
_aNew York, NY : _bSt. Martin's Paperbacks, _c2008. |
||
| 300 |
_a498 pages ; _c20 cm. |
||
| 650 | _aSuspense fiction. | ||
| 650 |
_aDoctors _xFiction. |
||
| 650 |
_aHospitals _xFiction. |
||
| 650 | _aMedical thrillers. | ||
| 942 |
_2lcc _cBK |
||
| 999 |
_c368542 _d368542 |
||